000
00298nam a22001337a 4500
008
171107b xxu||||| |||| 00| 0 eng d
020
_a
9780077217020
041
_a
eng
080
_a
721.053
100
_a
62
101
_a
AUD
245
_a
PRINCIPLES AUDITING
_c
WHITTINGTON,O.R
942
_2
udc
_c
BK
999
_c
38176
_d
38176